| 000 | 00986cad a22002295a 4500 | ||
|---|---|---|---|
| 001 | L150990 | ||
| 008 | 100921s2010 xxk f 000 0 eng d | ||
| 020 | _a9781848061354 | ||
| 035 | _a(Sirsi) u150990 | ||
| 041 | 0 | _aeng | |
| 050 | 0 | 4 | _a690 $2 18 |
| 110 | 2 | _aBRE Trust | |
| 245 | 0 | 0 |
_aBRE Trust Review 2009 _h[electronic resource] |
| 260 |
_aWatford _bBRE _c2010 |
||
| 505 | 2 | _aMaterials -- Energy and environment -- Fire protection and prevention -- Sustainability and energy use -- Social aspects of housing and the built environment | |
| 520 | _aSummaries of the BRE Trust's initiatives in 2009 research achievements, research programme and collaborative meetings of the 5 BRE Universities of Excellence; background to the research, results and conclusions. | ||
| 590 | _aKA NTK | ||
| 651 | 4 | _aInternational | |
| 690 | _aBUILT ENVIRONMENT | ||
| 856 | 4 | 8 |
_uhttps://www.bre.co.uk/filelibrary/BRETrust/AP279.pdf _zView the website free of charge at www.bre.co.uk |
| 942 | _n0 | ||
| 999 |
_c111089 _d111089 |
||